| 000 | 00701nam a2200217 a 4500 | ||
|---|---|---|---|
| 001 | 1109786 | ||
| 005 | 20250127212517.0 | ||
| 008 | 930216s1993 maua 001 0 eng | ||
| 020 | _a0316101435 | ||
| 050 | 0 | 0 |
_aKF1524.3 _b.B58 1993 |
| 082 | 0 | 0 |
_a346.73/078 _a347.30678 _220 |
| 100 | 1 | _aBlum, Brian A. | |
| 245 | 1 | 0 |
_aBankruptcy and debtor/creditor : _bexamples and explanations / _cBrian A. Blum. |
| 260 |
_aBoston : _bLittle, Brown, _cc1993. |
||
| 300 |
_axxv, 555 p. : _bill. ; _c26 cm. |
||
| 440 | 4 | _aThe Little, Brown examples and explanations series | |
| 500 | _aIncludes index. | ||
| 650 | 0 |
_aBankruptcy _zUnited States. |
|
| 650 | 0 |
_aDebtor and creditor _zUnited States. |
|
| 942 |
_2lcc _cBK _n0 |
||
| 999 |
_c3136 _d3136 |
||